[Event "IECC TH-T email"]
[Site "IECC email"]
[Date "1999.09.08"]
[Round "?"]
[White "Rasalingam, Haran Tobias"]
[Black "Nagley, Tim"]
[Result "0-1"]
[WhiteElo "1929"]
[BlackElo "2014"]
[PlyCount "100"]
[EventDate "1999.??.??"]
[EventType "match (corr)"]
[EventRounds "2"]
[SourceTitle "Corr 2008"]
[Source "ChessBase"]
[SourceDate "2008.06.24"]
[SourceVersion "1"]
[SourceVersionDate "2008.06.24"]
[SourceQuality "1"]

1. e4 c5 2. Nf3 d6 3. d4 cxd4 4. Nxd4 Nf6 5. Nc3 g6 6. Be3 Bg7 7. f3 0-0 8. Qd2 Nc6 9. Bc4 Bd7 10. 0-0-0 Ne5 11. Bb3 Rc8 12. h4 h5 13. Kb1 Nc4 14. Bxc4 Rxc4 15. Nde2 Qb8 16. Bh6 Rfc8 17. Bxg7 Kxg7 18. g4 b5 19. e5 dxe5 20. g5 Bc6 21. gxf6+ exf6 22. Qd3 Qb7 23. Rh3 Rc7 24. Ng3 Rd7 25. Qe2 Rxd1+ 26. Qxd1 Rd4 27. Qe2 Bxf3 28. Nf5+ gxf5 29. Rxf3 b4 30. Nd1 Qe4 31. Qf1 a5 32. Rg3+ Kf8 33. Rd3 a4 34. Rxd4 Qxd4 35. c3 Qxh4 36. cxb4 Qxb4 37. Qxf5 Qg4 38. Qxg4 hxg4 39. Kc2 f5 40. Nc3 f4 41. Kd2 f5 42. Nxa4 g3 43. Ke1 Ke7 44. Nb6 Kd6 45. a4 e4 46. a5 Kc5 47. Nd7+ Kd4 48. Nf8 g2 49. Kf2 f3 50. Ne6+ Ke5 0-1

[Event "IECC CL2-1999.29"]
[Site "IECC email"]
[Date "1999.08.30"]
[Round "?"]
[White "Rasalingam, Haran Tobias"]
[Black "Scheuermann, Bernhard"]
[Result "1/2-1/2"]
[WhiteElo "1918"]
[BlackElo "2081"]
[PlyCount "28"]
[EventDate "1999.??.??"]
[EventType "tourn (corr)"]
[EventRounds "4"]
[SourceTitle "Corr 2008"]
[Source "ChessBase"]
[SourceDate "2008.06.24"]
[SourceVersion "1"]
[SourceVersionDate "2008.06.24"]
[SourceQuality "1"]

1. e4 c5 2. Nf3 d6 3. d4 cxd4 4. Nxd4 Nf6 5. Nc3 a6 6. Bc4 e6 7. Bb3 Nc6 8. Be3 Qc7 9. g4 Nxd4 10. Bxd4 e5 11. Be3 Bxg4 12. f3 Bh5 13. Rg1 Rc8 14. Rg3 Be7 1/2-1/2

[Event "IECC CL2-1999.29"]
[Site "IECC email"]
[Date "1999.08.30"]
[Round "?"]
[White "Rasalingam, Haran Tobias"]
[Black "Ventimiglia, Charles"]
[Result "0-1"]
[WhiteElo "1925"]
[BlackElo "1898"]
[PlyCount "40"]
[EventDate "1999.??.??"]
[EventType "tourn (corr)"]
[EventRounds "4"]
[SourceTitle "Corr 2008"]
[Source "ChessBase"]
[SourceDate "2008.06.24"]
[SourceVersion "1"]
[SourceVersionDate "2008.06.24"]
[SourceQuality "1"]

1. e4 c6 2. d4 d5 3. exd5 cxd5 4. c4 Nf6 5. c5 Nc6 6. Bb5 e5 7. Nf3 exd4 8. Qxd4 Qd7 9. Bxc6 Qxc6 10. b4 a5 11. Ne5 Qb5 12. Nd3 Bf5 13. Qe5+ Be6 14. Qd4 axb4 15. 0-0 Be7 16. Bb2 Ra4 17. Rd1 0-0 18. a3 b6 19. axb4 bxc5 20. Nc3 Qb8 0-1

[Event "IECC TH-T email"]
[Site "IECC email"]
[Date "1999.08.27"]
[Round "?"]
[White "Mayer, Eduardo"]
[Black "Rasalingam, Haran Tobias"]
[Result "1-0"]
[WhiteElo "1753"]
[BlackElo "1980"]
[PlyCount "31"]
[EventDate "1999.??.??"]
[EventType "match (corr)"]
[EventRounds "2"]
[SourceTitle "Corr 2008"]
[Source "ChessBase"]
[SourceDate "2008.06.24"]
[SourceVersion "1"]
[SourceVersionDate "2008.06.24"]
[SourceQuality "1"]

1. e4 c5 2. Nf3 d6 3. d4 cxd4 4. Nxd4 Nf6 5. Nc3 a6 6. Be3 e6 7. g4 b5 8. g5 b4 9. gxf6 bxc3 10. fxg7 Bxg7 11. bxc3 Bb7 12. Rg1 Kf8 13. Rxg7 Kxg7 14. Qg4+ Kf8 15. Nxe6+ fxe6 16. Bh6+ 1-0

[Event "IECC TH-T email"]
[Site "IECC email"]
[Date "1999.08.27"]
[Round "?"]
[White "Rasalingam, Haran Tobias"]
[Black "Mayer, Eduardo"]
[Result "0-1"]
[WhiteElo "1955"]
[BlackElo "1778"]
[PlyCount "30"]
[EventDate "1999.??.??"]
[EventType "match (corr)"]
[EventRounds "2"]
[SourceTitle "Corr 2008"]
[Source "ChessBase"]
[SourceDate "2008.06.24"]
[SourceVersion "1"]
[SourceVersionDate "2008.06.24"]
[SourceQuality "1"]

1. e4 c5 2. Nf3 d6 3. d4 cxd4 4. Nxd4 Nf6 5. Nc3 a6 6. Bc4 e6 7. Bb3 b5 8. 0-0 Bb7 9. f4 Be7 10. Be3 b4 11. Na4 Bxe4 12. Bxe6 fxe6 13. Nxe6 Qd7 14. Nxg7+ Kf7 15. Nb6 Qg4 0-1

[Event "IECC CL2-1999.27"]
[Site "IECC email"]
[Date "1999.08.16"]
[Round "?"]
[White "Heichal, Gideon"]
[Black "Rasalingam, Haran Tobias"]
[Result "1-0"]
[WhiteElo "1835"]
[BlackElo "1941"]
[PlyCount "68"]
[EventDate "1999.??.??"]
[EventType "tourn (corr)"]
[EventRounds "4"]
[SourceTitle "Corr 2008"]
[Source "ChessBase"]
[SourceDate "2008.06.24"]
[SourceVersion "1"]
[SourceVersionDate "2008.06.24"]
[SourceQuality "1"]

1. e4 c5 2. Nf3 d6 3. d4 cxd4 4. Nxd4 Nf6 5. Nc3 g6 6. Be3 Bg7 7. f3 0-0 8. Qd2 Nc6 9. Bc4 Bd7 10. 0-0-0 Rc8 11. Bb3 Ne5 12. h4 h5 13. Bh6 Nc4 14. Bxc4 Rxc4 15. Bxg7 Kxg7 16. Rhe1 Qc7 17. Nd5 Qd8 18. Nxf6 exf6 19. c3 Qa5 20. Kb1 Rfc8 21. Nb3 Qe5 22. Qxd6 Ba4 23. Qxe5 fxe5 24. Rd5 f6 25. Ra5 Bxb3 26. axb3 R4c7 27. Rxa7 Rd8 28. Kc2 Rcd7 29. Re2 Kf7 30. Ra5 Ke6 31. c4 Rd4 32. Rd5 g5 33. hxg5 fxg5 34. Rd2 Rxd2+ 1-0

[Event "IECC CL2-1999.14"]
[Site "IECC email"]
[Date "1999.03.28"]
[Round "?"]
[White "Rasalingam, Haran Tobias"]
[Black "Bilsel, Sabahaddin"]
[Result "1-0"]
[WhiteElo "1896"]
[BlackElo "1983"]
[PlyCount "107"]
[EventDate "1999.??.??"]
[EventType "tourn (corr)"]
[EventRounds "4"]
[SourceTitle "Corr 2008"]
[Source "ChessBase"]
[SourceDate "2008.06.24"]
[SourceVersion "1"]
[SourceVersionDate "2008.06.24"]
[SourceQuality "1"]

1. e4 c5 2. Nf3 d6 3. d4 cxd4 4. Nxd4 Nf6 5. Nc3 a6 6. a4 e6 7. Bg5 Be7 8. f4 h6 9. Bxf6 Bxf6 10. Qd2 0-0 11. Bc4 Qb6 12. Nb3 Qc7 13. Be2 Bxc3 14. bxc3 Bd7 15. 0-0 Rc8 16. c4 Bc6 17. f5 Nd7 18. fxe6 fxe6 19. Rad1 Nf6 20. Rxf6 gxf6 21. Qxh6 Qg7 22. Qh3 Re8 23. Rd3 Qh7 24. Qg4+ Kf8 25. Qf4 Kf7 26. Rxd6 Rh8 27. Nc5 Qh4 28. Qxh4 Rxh4 29. g3 Rhh8 30. Bg4 e5 31. Nxb7 Bxe4 32. Nc5 Bxc2 33. Be6+ Kg6 34. Bd5 Ra7 35. a5 Rah7 36. h4 Bf5 37. Ne4 Rf8 38. Rxa6 Bc8 39. Ra8 Rd8 40. a6 f5 41. Nc5 e4 42. Nxe4 Re7 43. Nc5 Rde8 44. Nd3 Re3 45. Nf4+ Kh6 46. Kg2 Ra3 47. a7 Ra2+ 48. Kh3 Ra1 49. c5 Kg7 50. c6 Kf6 51. Be6 Rxa7 52. Rxc8 Rxe6 53. c7 Rc6 54. Rf8+ 1-0